[Event "DVM U14w 2012"]
[Site "Magdeburg GER"]
[Date "2012.12.28"]
[Round "4"]
[White "Manusina, Nicole"]
[Black "Nobis, Anna"]
[Result "1/2-1/2"]
[Termination "normal"]
[Board "1.1"]
[WhiteElo "1772"]
[BlackElo "1708"]
[WhiteTeam "SG Oesede-Georgsmarienhütte"]
[BlackTeam "Chemnitzer SC Aufbau"]
[WhiteFideId "24657514"]
[BlackFideId "1270302"]
[EventCountry "GER"]
[EventRounds "7"]
[EventType "team-swiss"]
[EventDate "2012.12.26"]

1. d4 Nf6 2. c4 g6 3. Nc3 Bg7 4. e4 d6 5. f3 O-O 6. Be3 a6 7. Qd2 Nbd7 8. Nge2
c5 9. Nc1 cxd4 10. Bxd4 Ne5 11. Be2 Be6 12. b3 Qa5 13. b4 Qc7 14. Bxe5 dxe5 15.
Nd5 Nxd5 16. cxd5 Bd7 17. O-O Qd6 18. Nb3 e6 19. Rad1 Qb6+ 20. Kh1 exd5 21.
Qxd5 Rfd8 22. Qc5 Qf6 23. Qc7 Bc6 24. Na5 Rdc8 25. Qb6 Qe7 26. Rc1 Qc7 27. Qxc7
Rxc7 28. Nxb7 Rxb7 29. Rxc6 Rxb4 30. Bxa6 Rb2 31. Bc4 Ra7 32. Rd1 Rd7 33. Bd5
Rxa2 34. Rdc1 Raa7 35. Rc8+ Bf8 36. Re8 Rdc7 37. Rf1 1/2-1/2

[Event "DVM U14w 2012"]
[Site "Magdeburg GER"]
[Date "2012.12.28"]
[Round "4"]
[White "Kempe, Anne"]
[Black "Böhm, Jana"]
[Result "1/2-1/2"]
[Termination "normal"]
[Board "1.2"]
[WhiteElo "1713"]
[BlackElo "1701"]
[WhiteTeam "Chemnitzer SC Aufbau"]
[BlackTeam "SG Oesede-Georgsmarienhütte"]
[WhiteFideId "12918083"]
[BlackFideId "24661589"]
[EventCountry "GER"]
[EventRounds "7"]
[EventType "team-swiss"]
[EventDate "2012.12.26"]

1. e4 e6 2. d4 d5 3. Nc3 Nf6 4. Bg5 Be7 5. e5 Nfd7 6. Bxe7 Qxe7 7. Bd3 a6 8. h4
c5 9. dxc5 Nxe5 10. b4 Bd7 11. a3 Qf6 12. Qd2 Nbc6 13. Nge2 O-O 14. Qg5 Qxg5
15. hxg5 Nxd3+ 16. cxd3 f6 17. gxf6 Rxf6 18. f3 Raf8 19. Kd2 Rg6 20. Rh2 Be8
21. Rb1 Rgf6 22. d4 Bg6 23. Re1 Rd8 24. f4 Bf5 25. g3 Bg4 26. Kd3 Ne7 27. Nd1
Nf5 28. Rg2 Bf3 29. Rgg1 Rg6 30. Ndc3 h5 31. Ref1 Bg4 32. Rf2 Kf7 33. Rfg2 Rh8
34. Nc1 Bf3 35. Rf2 Bg4 36. Rfg2 Bf3 37. Rf2 Bg4 38. Rfg2 1/2-1/2

[Event "DVM U14w 2012"]
[Site "Magdeburg GER"]
[Date "2012.12.28"]
[Round "4"]
[White "Hinzke, Anna-Lena"]
[Black "Lukin, Jana"]
[Result "1-0"]
[Termination "normal"]
[Board "1.3"]
[WhiteElo "1458"]
[BlackElo "1203"]
[WhiteTeam "SG Oesede-Georgsmarienhütte"]
[BlackTeam "Chemnitzer SC Aufbau"]
[WhiteFideId "12928704"]
[BlackFideId "12963968"]
[EventCountry "GER"]
[EventRounds "7"]
[EventType "team-swiss"]
[EventDate "2012.12.26"]

1. e4 c5 2. Nf3 d6 3. d4 cxd4 4. Nxd4 Nf6 5. Nc3 g6 6. f3 Bg7 7. Be3 O-O 8. Bc4
Nc6 9. Bb3 Nd7 10. Qd2 Nb6 11. h4 Na5 12. h5 gxh5 13. Bh6 e5 14. Bxg7 Kxg7 15.
Rxh5 Qf6 16. Nf5+ Bxf5 17. Rxf5 Nbc4 18. Rxf6 Nxd2 19. Rxd6 Ndc4 20. Rd5 f6 21.
Rd7+ Rf7 22. Rxf7+ Kxf7 23. O-O-O Nxb3+ 24. axb3 Ne3 25. Rd7+ Kg8 26. Rxb7 Nxg2
27. Nd5 Nh4 28. Nxf6+ Kf8 29. Rxh7 Nxf3 30. Rh8+ Kf7 31. Rxa8 Kxf6 32. Rf8+ Ke7
33. Rxf3 Kd6 34. Rd3+ Kc5 35. Rd5+ Kb6 36. Rxe5 a5 37. Rd5 Ka6 38. e5 Kb6 39.
e6 Ka6 40. e7 Kb6 41. e8=Q Ka6 42. Rd6+ Kb7 43. Qe7+ Kc8 44. Rd8# 1-0

[Event "DVM U14w 2012"]
[Site "Magdeburg GER"]
[Date "2012.12.28"]
[Round "4"]
[White "Dietrich, Michelle"]
[Black "Wang, Yanru"]
[Result "0-1"]
[Termination "normal"]
[Board "1.4"]
[WhiteElo "1071"]
[BlackElo "1413"]
[WhiteTeam "Chemnitzer SC Aufbau"]
[BlackTeam "SG Oesede-Georgsmarienhütte"]
[BlackFideId "12929328"]
[EventCountry "GER"]
[EventRounds "7"]
[EventType "team-swiss"]
[EventDate "2012.12.26"]

1. e4 c6 2. Nf3 d5 3. Nc3 dxe4 4. Nxe4 Bg4 5. Be2 Nd7 6. d4 e6 7. c3 Ngf6 8.
Ng3 Bd6 9. Be3 O-O 10. O-O Qc7 11. h3 Bxf3 12. Bxf3 b5 13. b4 Nd5 14. Qd2 Bxg3
15. fxg3 Qxg3 16. Bf2 Qc7 17. Rac1 N7b6 18. Qg5 Nc4 19. Bg3 Qd8 20. Qxd8 Rfxd8
21. Rf2 a5 22. Bxd5 cxd5 23. Rcf1 Rd7 24. Ra1 axb4 25. cxb4 Ra3 26. Be5 Nxe5
27. dxe5 Rc7 28. Rb1 Rc4 29. Kh2 Re3 30. a4 bxa4 31. b5 Rb3 32. Rfb2 Rcb4 33.
Rxb3 Rxb3 34. Ra1 Rxb5 35. Rxa4 h6 36. Ra6 Rb3 37. Rd6 Re3 38. g4 Rxe5 39. h4
Kf8 40. Rd7 Ke8 41. Ra7 d4 42. Kg3 d3 43. Ra1 Rd5 44. Kf2 d2 45. Ke2 Rd4 46.
Rg1 Ke7 47. h5 e5 48. Kd1 Kf6 49. Rg2 Kg5 50. Rf2 f6 51. Rg2 Rxg4 52. Rxg4+
Kxg4 53. Kxd2 Kxh5 54. Ke3 Kg4 55. Kf2 h5 56. Kg2 h4 57. Kh2 h3 58. Kh1 Kg3 59.
Kg1 e4 0-1

[Event "DVM U14w 2012"]
[Site "Magdeburg GER"]
[Date "2012.12.28"]
[Round "4"]
[White "Moses, Selina"]
[Black "Bork, Sophie"]
[Result "1/2-1/2"]
[Termination "normal"]
[Board "2.1"]
[WhiteElo "1724"]
[BlackElo "1525"]
[WhiteTeam "Muldental Wilkau-Haßlau"]
[BlackTeam "SV Welper 1922"]
[WhiteFideId "12908070"]
[BlackFideId "12905429"]
[EventCountry "GER"]
[EventRounds "7"]
[EventType "team-swiss"]
[EventDate "2012.12.26"]

1. e4 e5 2. Nf3 Nf6 3. Nc3 Nc6 4. d4 exd4 5. Nxd4 Bb4 6. Nxc6 bxc6 7. Bd3 d5 8.
exd5 cxd5 9. O-O O-O 10. Bg5 c6 11. Na4 Rb8 12. b3 Re8 13. Qf3 Be7 14. Rfe1 Be6
15. Qe3 d4 16. Qg3 Nh5 17. Bxe7 Qxe7 18. Qf3 Qg5 19. Qxc6 Nf6 20. Qf3 Bd5 21.
Qg3 Qxg3 22. hxg3 Be4 23. Bxe4 Nxe4 24. Rad1 Rbd8 25. Nb2 Kf8 26. Nc4 Nc3 27.
Rxe8+ Kxe8 28. Re1+ Kf8 29. a4 d3 30. cxd3 Rxd3 31. Ne5 Rd6 32. Kf1 f6 33. Nc4
Rd8 34. Rc1 Ne4 35. b4 Rc8 36. Rc2 Nd2+ 37. Rxd2 Rxc4 38. Rd8+ Kf7 39. Rd7+ Kg6
40. Rxa7 Rxb4 41. f3 Rb1+ 42. Kf2 Ra1 43. g4 h6 1/2-1/2

[Event "DVM U14w 2012"]
[Site "Magdeburg GER"]
[Date "2012.12.28"]
[Round "4"]
[White "Marx, Jasmin"]
[Black "Simon, Tessa"]
[Result "0-1"]
[Termination "normal"]
[Board "2.2"]
[WhiteElo "1326"]
[BlackElo "1499"]
[WhiteTeam "SV Welper 1922"]
[BlackTeam "Muldental Wilkau-Haßlau"]
[WhiteFideId "12929620"]
[BlackFideId "12929395"]
[EventCountry "GER"]
[EventRounds "7"]
[EventType "team-swiss"]
[EventDate "2012.12.26"]

1. d4 Nf6 2. Bf4 g6 3. Nf3 Bg7 4. e3 O-O 5. Bd3 d6 6. O-O Nbd7 7. Nbd2 Nh5 8.
Bg5 a6 9. c3 Qe8 10. Bc4 e5 11. dxe5 Nxe5 12. Nxe5 Bxe5 13. Bh6 Ng7 14. Ne4
Bxh2+ 15. Kxh2 Qxe4 16. Qd4 Qe5+ 17. Qxe5 dxe5 18. Rfd1 Bf5 19. Bg5 c6 20. Rh1
b5 21. Bb3 a5 22. a3 Be6 23. Bc2 f6 24. Bh6 Rfd8 25. Rad1 Nf5 26. Bxf5 Bxf5 27.
f3 Bc2 28. Rc1 Bb3 29. e4 Rd3 30. Kg3 Rad8 31. Kf2 g5 32. Rhe1 Kf7 33. Re3 Rd2+
34. Re2 Bc4 35. Rxd2 Rxd2+ 36. Kg3 Rxb2 37. Rd1 Ke7 38. Bg7 Be6 39. Rh1 Kf7 40.
Bh6 Rb3 41. Rd1 Ke7 42. Bg7 Rxa3 43. Rc1 Ra2 44. Bh8 a4 45. Rh1 a3 46. Rc1 Rb2
47. Ra1 a2 0-1

[Event "DVM U14w 2012"]
[Site "Magdeburg GER"]
[Date "2012.12.28"]
[Round "4"]
[White "Fromm, Katja"]
[Black "Schaller, Bettina"]
[Result "1-0"]
[Termination "normal"]
[Board "2.3"]
[WhiteElo "1577"]
[BlackElo "1175"]
[WhiteTeam "Muldental Wilkau-Haßlau"]
[BlackTeam "SV Welper 1922"]
[WhiteFideId "12929409"]
[BlackFideId "12929638"]
[EventCountry "GER"]
[EventRounds "7"]
[EventType "team-swiss"]
[EventDate "2012.12.26"]

1. d4 d6 2. c4 Nf6 3. Nc3 g6 4. e4 Bg7 5. Nge2 O-O 6. g3 c5 7. dxc5 dxc5 8. Be3
Nbd7 9. Bg2 Ng4 10. Bf4 Nge5 11. b3 Nb6 12. O-O Be6 13. Be3 Rc8 14. f4 Ng4 15.
Bf2 Nxf2 16. Kxf2 Bg4 17. Rc1 Bd4+ 18. Ke1 Be3 19. Qxd8 Rfxd8 20. Rc2 Bd4 21.
Nxd4 cxd4 22. Nd5 Nxd5 23. exd5 d3 24. Rd2 Be2 25. Rf2 e6 26. dxe6 fxe6 27. Bf3
Bxf3 28. Rxf3 Kf7 29. Rfxd3 Ke7 30. Ke2 a6 31. Ke3 b5 32. Rxd8 Rxd8 33. Rxd8
Kxd8 34. cxb5 axb5 35. a4 bxa4 36. bxa4 Kc7 37. Ke4 Kb6 38. Ke5 Ka5 39. Kxe6
Kxa4 40. Kf7 1-0

[Event "DVM U14w 2012"]
[Site "Magdeburg GER"]
[Date "2012.12.28"]
[Round "4"]
[White "Venjakob, Alina"]
[Black "Böhle, Annika"]
[Result "1-0"]
[Termination "normal"]
[Board "2.4"]
[WhiteElo "1119"]
[BlackElo "1115"]
[WhiteTeam "SV Welper 1922"]
[BlackTeam "Muldental Wilkau-Haßlau"]
[WhiteFideId "12964492"]
[BlackFideId "12929417"]
[EventCountry "GER"]
[EventRounds "7"]
[EventType "team-swiss"]
[EventDate "2012.12.26"]

1. d4 d5 2. Nc3 Nf6 3. Bg5 Bf5 4. f3 Nc6 5. Qd2 Qd7 6. O-O-O e6 7. e3 Be7 8.
Bb5 O-O 9. Re1 Bg6 10. Bxf6 Bxf6 11. h4 h5 12. Nge2 a6 13. Bxc6 Qxc6 14. Nf4 b5
15. Nxg6 fxg6 16. a3 Kh7 17. Qd3 Rfb8 18. Na2 a5 19. Kd1 Qd6 20. g4 Qg3 21.
Ref1 Kg8 22. Qxg6 Bxh4 23. Qxh5 Bf6 24. Qh8+ Kf7 25. Qh5+ Kg8 26. Qh8+ Kf7 27.
Qh5+ Ke7 28. Rh3 Qd6 29. g5 Rf8 30. gxf6+ Rxf6 31. Qg5 Kf7 32. Rh7 Rg6 33. Qh5
Kf6 34. Qh4+ Kf7 35. Qh5 Kf6 36. Qe5+ Qxe5 37. dxe5+ Kxe5 38. Rh5+ Kf6 39. e4
dxe4 40. fxe4+ Ke7 41. Rxb5 Rd8+ 42. Kc1 a4 43. Nc3 Rd4 44. Rb7 Kd6 45. Rxc7
Kxc7 46. Nb5+ Kc6 47. Nxd4+ Kd6 48. Nb5+ Kc5 49. Nc3 Kd4 50. Rd1+ Ke5 51. Nxa4
Kxe4 52. Nc5+ Kf5 53. a4 e5 54. a5 Rc6 55. b4 e4 56. a6 Rc8 57. Kb2 e3 58. Ra1
e2 59. Nd3 g5 60. a7 Ra8 61. b5 Ke6 62. b6 Kd7 63. b7 1-0

[Event "DVM U14w 2012"]
[Site "Magdeburg GER"]
[Date "2012.12.28"]
[Round "4"]
[White "Neumann, Isabel"]
[Black "Sherif, Amina"]
[Result "0-1"]
[Termination "normal"]
[Board "3.1"]
[WhiteElo "1422"]
[BlackElo "1565"]
[WhiteTeam "SV 1919 Grimma"]
[BlackTeam "SG Solingen"]
[WhiteFideId "12964468"]
[BlackFideId "12911690"]
[EventCountry "GER"]
[EventRounds "7"]
[EventType "team-swiss"]
[EventDate "2012.12.26"]

1. e4 c5 2. d4 cxd4 3. Nf3 d6 4. Nxd4 Nf6 5. Nc3 a6 6. Be2 e6 7. O-O Be7 8. Kh1
O-O 9. f4 Nbd7 10. f5 e5 11. Nb3 b5 12. a4 bxa4 13. Rxa4 Nb6 14. Ra1 Bb7 15.
Na5 Qc7 16. Nxb7 Qxb7 17. Nd5 Rfd8 18. Rxa6 Rxa6 19. Bxa6 Qxa6 20. Nxe7+ Kh8
21. Nc6 Rc8 22. Nb4 Qc4 23. c3 Nxe4 24. Rf3 Qc5 25. Be3 Qxe3 26. Rxe3 Nf2+ 27.
Kg1 Nxd1 28. Re2 Nc4 29. b3 Na5 30. Nd5 Nxb3 31. Rc2 Nd4 32. Ra2 Nxf5 33. Kf1
Nde3+ 34. Nxe3 Nxe3+ 35. Kf2 Nd1+ 36. Ke1 Nxc3 37. Ra7 Kg8 0-1

[Event "DVM U14w 2012"]
[Site "Magdeburg GER"]
[Date "2012.12.28"]
[Round "4"]
[White "Reksten, Anne"]
[Black "Arnhold, Steffi"]
[Result "1-0"]
[Termination "normal"]
[Board "3.2"]
[WhiteElo "1660"]
[BlackElo "1392"]
[WhiteTeam "SG Solingen"]
[BlackTeam "SV 1919 Grimma"]
[WhiteFideId "24692778"]
[BlackFideId "12931365"]
[EventCountry "GER"]
[EventRounds "7"]
[EventType "team-swiss"]
[EventDate "2012.12.26"]

1. c4 Nf6 2. Nc3 e6 3. g3 b6 4. Bg2 Nc6 5. d4 Bb4 6. Bd2 Bxc3 7. Bxc3 Bb7 8. b4
d6 9. e3 Na5 10. Bxb7 Nxb7 11. Qa4+ Qd7 12. Qxd7+ Nxd7 13. Ne2 Nf6 14. f3 c5
15. Rc1 cxd4 16. exd4 Rc8 17. Bd2 O-O 18. Be3 Nd7 19. Kf2 a5 20. a3 Rc7 21. Rc3
Rfc8 22. Rhc1 axb4 23. axb4 Ra8 24. c5 bxc5 25. bxc5 dxc5 26. dxc5 Na5 27. c6
Nb8 28. Bb6 Rc8 29. c7 Nd7 30. Bxa5 Rxa5 31. Rd3 Nf8 32. Rd8 Raa8 33. Rcd1 f6
34. Nc3 Kf7 35. Nb5 Ke7 36. R8d2 e5 37. Kg2 Ne6 38. Rd7+ Kf8 39. R1d6 Ra2+ 40.
Kg1 Nxc7 41. Nxc7 Rc2 42. Ne6+ Ke8 43. Nxg7+ 1-0

[Event "DVM U14w 2012"]
[Site "Magdeburg GER"]
[Date "2012.12.28"]
[Round "4"]
[White "Könze, Heike"]
[Black "Möller, Laura"]
[Result "1-0"]
[Termination "normal"]
[Board "3.3"]
[WhiteElo "1225"]
[BlackElo "1017"]
[WhiteTeam "SV 1919 Grimma"]
[BlackTeam "SG Solingen"]
[WhiteFideId "12964476"]
[BlackFideId "12911720"]
[EventCountry "GER"]
[EventRounds "7"]
[EventType "team-swiss"]
[EventDate "2012.12.26"]

1. e4 e5 2. Nf3 Nc6 3. d4 f6 4. d5 Nce7 5. Nc3 d6 6. Be2 Bd7 7. Be3 c6 8. Bc4
Qc7 9. Qd3 O-O-O 10. O-O Nh6 11. Bxa7 b6 12. Ba6+ Qb7 13. Bxb6 Re8 14. Bxb7+
Kxb7 15. Ba5 Nf7 16. Na4 Rb8 17. Nd2 cxd5 18. Nb6 Bc6 19. exd5 Be8 20. a4 g5
21. Ra3 Ng6 22. Rb3 Ka7 23. Nc8+ 1-0

[Event "DVM U14w 2012"]
[Site "Magdeburg GER"]
[Date "2012.12.28"]
[Round "4"]
[White "Kublanov, Elizabeth"]
[Black "Hagenbeck-Hübert, Lara"]
[Result "0-1"]
[Termination "normal"]
[Board "3.4"]
[WhiteElo "1060"]
[BlackElo "1261"]
[WhiteTeam "SG Solingen"]
[BlackTeam "SV 1919 Grimma"]
[WhiteFideId "12944564"]
[BlackFideId "12964484"]
[EventCountry "GER"]
[EventRounds "7"]
[EventType "team-swiss"]
[EventDate "2012.12.26"]

1. d4 d5 2. Nf3 e6 3. c4 dxc4 4. e4 g6 5. Bxc4 Bg7 6. Bg5 Ne7 7. O-O h6 8. Bf4
Nbc6 9. e5 O-O 10. Nc3 b6 11. Qd3 Bb7 12. Qe4 Nxe5 13. Qxb7 Nxc4 14. Bxc7 Qd7
15. b3 Nd6 16. Qa6 Qxc7 17. Rac1 Qb7 18. Qa3 Ndf5 19. Ne5 Nxd4 20. Rfe1 Nef5
21. g3 Bxe5 22. Rxe5 Nf3+ 23. Kf1 Nxe5 24. f4 Qf3+ 0-1

[Event "DVM U14w 2012"]
[Site "Magdeburg GER"]
[Date "2012.12.28"]
[Round "4"]
[White "Klinge, Sabina"]
[Black "Kluge, Leyla"]
[Result "0-1"]
[Termination "normal"]
[Board "4.1"]
[WhiteElo "1619"]
[BlackElo "1436"]
[WhiteTeam "TuRa Harksheide"]
[BlackTeam "USG Chemnitz"]
[WhiteFideId "12949590"]
[BlackFideId "12918172"]
[EventCountry "GER"]
[EventRounds "7"]
[EventType "team-swiss"]
[EventDate "2012.12.26"]

1. e4 c5 2. Nf3 Nc6 3. d4 cxd4 4. Nxd4 g6 5. Nc3 Bg7 6. Be3 Nf6 7. Bc4 O-O 8.
O-O d6 9. h3 a6 10. a3 Qc7 11. Bb3 Bd7 12. Kh1 Rfc8 13. f4 Rcb8 14. Qf3 Qc8 15.
Rad1 b5 16. f5 Ne5 17. Qf2 Nc4 18. Bxc4 Qxc4 19. fxg6 fxg6 20. Qh4 b4 21. axb4
Rxb4 22. Bc1 Qc5 23. Nce2 Bb5 24. Nxb5 Qxb5 25. c3 Rxe4 26. Nd4 Qxf1+ 27. Rxf1
Rxh4 28. Re1 Re4 29. Rxe4 Nxe4 30. Nf3 Rb8 0-1

[Event "DVM U14w 2012"]
[Site "Magdeburg GER"]
[Date "2012.12.28"]
[Round "4"]
[White "Graf, Pia"]
[Black "Köhler, Inken"]
[Result "0-1"]
[Termination "normal"]
[Board "4.2"]
[WhiteElo "1475"]
[BlackElo "1482"]
[WhiteTeam "USG Chemnitz"]
[BlackTeam "TuRa Harksheide"]
[WhiteFideId "12917737"]
[BlackFideId "12929301"]
[EventCountry "GER"]
[EventRounds "7"]
[EventType "team-swiss"]
[EventDate "2012.12.26"]

1. e4 d6 2. d4 Nf6 3. Bd3 g6 4. Nf3 Bg7 5. O-O O-O 6. c3 Nbd7 7. Bf4 c5 8. Qd2
Re8 9. Re1 Nb6 10. Na3 Bd7 11. Nc4 Nxc4 12. Bxc4 b5 13. Bb3 Bc6 14. Bc2 Qb6 15.
d5 Bb7 16. Be3 b4 17. c4 Ba6 18. b3 Nd7 19. Rad1 Bc3 20. Qe2 Bxe1 21. Rxe1 Kg7
22. Bf4 Nf6 23. e5 Nxd5 24. Qd2 Nxf4 25. Qxf4 dxe5 26. Qxe5+ f6 27. Qg3 Qd6 28.
Qg4 Bc8 29. Qh4 Bb7 30. Rd1 Qc6 31. Bb1 Rad8 32. Re1 Rd7 33. Qg3 Red8 34. Kf1
Rd1 35. Nh4 Rxe1+ 36. Kxe1 Qe6+ 37. Qe3 Qxe3+ 38. fxe3 f5 39. Nf3 Kf6 40. Ke2
e5 41. h4 h6 42. g3 g5 43. Nd2 gxh4 44. gxh4 Rg8 45. e4 Rg2+ 46. Ke3 fxe4 47.
Bxe4 Bxe4 48. Nxe4+ Kf5 49. Nxc5 Rxa2 50. Ne4 Rb2 51. Nd2 e4 52. c5 Ke5 53. c6
Ke6 54. Nxe4 Rxb3+ 55. Kd4 Rh3 56. Kc5 b3 57. Kb5 b2 58. Nd2 Rb3+ 59. Ka6 b1=Q
60. Nxb1 Rxb1 61. Kxa7 Kd6 62. Ka6 Kxc6 63. Ka5 Kc5 64. Ka4 Rb5 65. Ka3 Kc4 66.
Ka4 h5 67. Ka3 Kc3 68. Ka4 Rd5 69. Ka3 Ra5# 0-1

[Event "DVM U14w 2012"]
[Site "Magdeburg GER"]
[Date "2012.12.28"]
[Round "4"]
[White "Schramm, Anna-Lena"]
[Black "Fuchs, Joline"]
[Result "1/2-1/2"]
[Termination "normal"]
[Board "4.3"]
[WhiteElo "1437"]
[BlackElo "1041"]
[WhiteTeam "TuRa Harksheide"]
[BlackTeam "USG Chemnitz"]
[WhiteFideId "12918237"]
[BlackFideId "12964506"]
[EventCountry "GER"]
[EventRounds "7"]
[EventType "team-swiss"]
[EventDate "2012.12.26"]

1. c4 e5 2. e4 Nf6 3. Nc3 Nc6 4. g3 Bc5 5. Bg2 d6 6. h3 Be6 7. d3 Nd4 8. Nge2
h6 9. O-O O-O 10. Nxd4 Bxd4 11. Ne2 Bb6 12. Kh2 c6 13. Nc3 Bd4 14. Bd2 d5 15.
cxd5 cxd5 16. Rb1 dxe4 17. dxe4 Bxc3 18. Bxc3 Bxa2 19. Ra1 Qxd1 20. Rfxd1 Bb3
21. Rd3 Rfe8 22. Bxe5 Rxe5 23. Rxb3 Nxe4 24. Rxb7 Nxf2 25. Raxa7 Rxa7 26. Rxa7
Rb5 27. Ra2 Nd1 28. Ra8+ Kh7 29. Ra7 f5 30. Kg1 Rxb2 31. Bd5 Ne3 32. Bf3 h5 33.
Ra3 1/2-1/2

[Event "DVM U14w 2012"]
[Site "Magdeburg GER"]
[Date "2012.12.28"]
[Round "4"]
[White "Belusa, Laura Sophie"]
[Black "Giede, Anna-Blume"]
[Result "0-1"]
[Termination "normal"]
[Board "4.4"]
[WhiteElo "1023"]
[BlackElo "1445"]
[WhiteTeam "USG Chemnitz"]
[BlackTeam "TuRa Harksheide"]
[WhiteFideId "12964522"]
[BlackFideId "12921980"]
[EventCountry "GER"]
[EventRounds "7"]
[EventType "team-swiss"]
[EventDate "2012.12.26"]

1. e4 d5 2. f3 Nf6 3. d3 e5 4. Ne2 Nc6 5. c3 Bc5 6. d4 exd4 7. cxd4 Bb4+ 8. Bd2
Be7 9. e5 Nd7 10. Nbc3 Nb6 11. g3 Bf5 12. Be3 Nc4 13. Bd2 Nb4 14. Kf2 Bc2 15.
Qxc2 Nxc2 16. Rc1 Nb4 17. Rd1 Nd3+ 18. Kg2 Ndxb2 19. Rb1 Nd3 20. Bf4 Nxf4+ 21.
Nxf4 Nb6 22. Bb5+ c6 23. Bd3 h5 24. a4 a5 25. Rhf1 g5 26. Nfe2 h4 27. g4 h3+
28. Kg3 f6 29. e6 Qd6+ 30. Kf2 Qxe6 31. Bg6+ Kd8 32. Bf5 Qd6 33. Rxb6 Qxh2+ 34.
Ke1 Qc7 35. Rb2 Bb4 36. Kd1 h2 37. Rh1 Rb8 38. Kd2 Re8 39. Kd3 Bxc3 40. Nxc3
Qf4 41. Kc2 Qg3 42. Kb3 Rh8 43. Ne2 Qxf3+ 44. Ka2 Qxh1 45. Ng3 Qe1 46. Rb3 h1=Q
47. Nxh1 Rxh1 48. Rb1 Qd2+ 49. Rb2 Qxd4 50. Bc2 Rh2 51. Ka1 Rxc2 52. Ka2 Qxb2#
0-1

[Event "DVM U14w 2012"]
[Site "Magdeburg GER"]
[Date "2012.12.28"]
[Round "4"]
[White "Wiesner, Paula"]
[Black "Schnepper, Pauline"]
[Result "1/2-1/2"]
[Termination "normal"]
[Board "5.1"]
[WhiteElo "1817"]
[BlackElo "1580"]
[WhiteTeam "Karlsruher SF 1853"]
[BlackTeam "SK 1929 Mainaschaff"]
[WhiteFideId "24654019"]
[BlackFideId "12918040"]
[EventCountry "GER"]
[EventRounds "7"]
[EventType "team-swiss"]
[EventDate "2012.12.26"]

1. d4 d5 2. c4 c6 3. Nf3 Nf6 4. Nc3 e6 5. e3 Bb4 6. Bd3 Nbd7 7. O-O O-O 8. Qc2
h6 9. a3 Bxc3 10. Qxc3 c5 11. b4 dxc4 12. Bxc4 cxd4 13. Nxd4 Nb6 14. Bd3 Nbd5
15. Qd2 b6 16. Bb2 Bb7 17. Rac1 Qd6 18. Nb5 Qd7 19. e4 Nxe4 20. Bxe4 Qxb5 21.
Qd4 f6 22. Bxd5 Qxd5 23. Qg4 Qe4 24. Qxe4 Bxe4 25. Rfe1 Bd5 26. Rc7 Rf7 27.
Rec1 Rxc7 28. Rxc7 a6 29. Bd4 b5 30. h3 a5 31. Ra7 Rxa7 32. Bxa7 axb4 33. axb4
1/2-1/2

[Event "DVM U14w 2012"]
[Site "Magdeburg GER"]
[Date "2012.12.28"]
[Round "4"]
[White "Schwind, Clara"]
[Black "Romanova, Alena"]
[Result "0-1"]
[Termination "normal"]
[Board "5.2"]
[WhiteElo "1375"]
[BlackElo "1590"]
[WhiteTeam "SK 1929 Mainaschaff"]
[BlackTeam "Karlsruher SF 1853"]
[WhiteFideId "12964581"]
[BlackFideId "12918784"]
[EventCountry "GER"]
[EventRounds "7"]
[EventType "team-swiss"]
[EventDate "2012.12.26"]

1. e4 e6 2. d4 d5 3. exd5 exd5 4. Nf3 Nf6 5. Be2 Nc6 6. Nc3 Bf5 7. Bf4 Bd6 8.
Bxd6 Qxd6 9. Qd2 O-O 10. O-O Ne4 11. Qe1 Nb4 12. Nb5 Qe7 13. Bd3 c6 14. Nc3
Rfe8 15. Qe3 Qc7 16. Rfe1 Kf8 17. Ne5 f6 18. Qf4 Qc8 19. Nf3 g5 20. Qc1 Nxc3
21. Bxf5 Qxf5 22. bxc3 Nxc2 23. Rxe8+ Rxe8 24. Rb1 b6 25. Qd2 Nxd4 26. Rd1
Nxf3+ 27. gxf3 Qxf3 28. Qd4 Re2 29. c4 c5 30. Qe3 Rxe3 31. fxe3 Qxd1+ 0-1

[Event "DVM U14w 2012"]
[Site "Magdeburg GER"]
[Date "2012.12.28"]
[Round "4"]
[White "Bykov, Ilona"]
[Black "Pfeufer, Helena"]
[Result "1-0"]
[Termination "normal"]
[Board "5.3"]
[WhiteElo "1126"]
[BlackElo "1012"]
[WhiteTeam "Karlsruher SF 1853"]
[BlackTeam "SK 1929 Mainaschaff"]
[WhiteFideId "12964433"]
[BlackFideId "12964590"]
[EventCountry "GER"]
[EventRounds "7"]
[EventType "team-swiss"]
[EventDate "2012.12.26"]

1. e4 e5 2. Nf3 Nc6 3. Bc4 Bc5 4. c3 Nf6 5. d4 exd4 6. cxd4 Bb4+ 7. Nc3 Nxe4 8.
O-O Nxc3 9. bxc3 Bxc3 10. Qb3 O-O 11. Qxc3 d5 12. Bd3 Re8 13. Bf4 Be6 14. Rab1
Rb8 15. Rfe1 Qd7 16. Ne5 Nxe5 17. Bxe5 Rec8 18. Bc2 b6 19. Qd3 g6 20. Qe3 Qe7
21. Qh6 f6 22. Bg3 Re8 23. Bb3 Rbd8 24. Rbc1 c5 25. Qe3 c4 26. Ba4 Rf8 27.
Qxe6+ Qf7 28. Qxf7+ Kxf7 29. Re3 Rc8 30. Bd7 Rc7 31. Bxc7 a6 32. Be6+ Ke7 33.
Bxd5+ Kd7 34. Bxb6 Rb8 35. Ba5 Kd6 36. Bxc4 Kc6 37. Bxa6+ Kd5 38. h3 Kxd4 39.
Rd3+ Ke5 40. Re1+ Kf5 41. g4+ Kg5 42. Bd2+ Kh4 43. Rd4 Kxh3 44. Re3+ Kh4 45.
g5+ Kxg5 46. Rf3+ Kh5 47. Rh3# 1-0

[Event "DVM U14w 2012"]
[Site "Magdeburg GER"]
[Date "2012.12.28"]
[Round "4"]
[White "Gentil, Verena"]
[Black "Henke, Hanna"]
[Result "1-0"]
[Termination "normal"]
[Board "5.4"]
[WhiteElo "1023"]
[BlackElo "891"]
[WhiteTeam "SK 1929 Mainaschaff"]
[BlackTeam "Karlsruher SF 1853"]
[WhiteFideId "12964611"]
[BlackFideId "12964441"]
[EventCountry "GER"]
[EventRounds "7"]
[EventType "team-swiss"]
[EventDate "2012.12.26"]

1. e4 e5 2. Nf3 Nc6 3. Nc3 Bc5 4. Bc4 Nf6 5. d3 d6 6. h3 Be6 7. Bb3 h6 8. O-O
Qd7 9. Bxe6 Qxe6 10. Be3 Bb6 11. d4 exd4 12. Nxd4 Qd7 13. Nxc6 Qxc6 14. Qd3
O-O-O 15. Nd5 Rhe8 16. Nxf6 gxf6 17. Bxb6 Qxb6 18. Rfe1 Rg8 19. a4 Qc6 20. c3
Rg6 21. Qd5 Qxd5 22. exd5 Rdg8 23. g4 f5 24. f3 h5 25. Kf2 fxg4 26. hxg4 h4 27.
Rh1 Rh6 28. Rh3 Re8 29. Re1 Rf8 30. Re4 f6 31. Rf4 Rg8 32. Rf5 Kd7 33. Rh5 Rgg6
34. Rxh6 Rxh6 35. Ke3 c6 36. c4 Kc7 37. Kf4 Kb6 38. g5 Rg6 39. gxf6 Rxf6+ 40.
Kg5 Rf8 41. Kxh4 Kc5 42. b3 cxd5 43. cxd5 Kxd5 44. Kg4 Kc6 45. f4 d5 46. f5 d4
47. Kg5 Kd5 48. Kf4 Re8 49. f6 Re4+ 50. Kf5 Re1 51. Rf3 Re5+ 52. Kg6 Ke4 53.
Rf1 Rd5 54. f7 Rd6+ 55. Kg7 Rd7 56. Kf6 Rd6+ 57. Ke7 Ke5 58. Re1+ Kd5 59. f8=Q
d3 60. Qf5+ Kc6 61. Rc1+ Kb6 62. Qb5# 1-0

[Event "DVM U14w 2012"]
[Site "Magdeburg GER"]
[Date "2012.12.28"]
[Round "4"]
[White "Titgemeyer, Eva Maria"]
[Black "Denkert, Anna"]
[Result "1-0"]
[Termination "normal"]
[Board "6.1"]
[WhiteElo "1622"]
[BlackElo "1655"]
[WhiteTeam "SG Porz"]
[BlackTeam "SV Empor Berlin"]
[WhiteFideId "24655350"]
[BlackFideId "12938122"]
[EventCountry "GER"]
[EventRounds "7"]
[EventType "team-swiss"]
[EventDate "2012.12.26"]

1. e4 e5 2. Nf3 Nf6 3. Nc3 Nc6 4. d3 Bc5 5. Bg5 d6 6. Nd5 Be6 7. Nxf6+ gxf6 8.
Bh6 Qd7 9. Bg7 Rg8 10. Bxf6 Nd4 11. Nxd4 Bxd4 12. c3 Bb6 13. Qh5 Qb5 14. Qe2
Rg6 15. Bh4 Kd7 16. Qd2 Rag8 17. f3 Kc8 18. d4 Bc4 19. Bxc4 Qxc4 20. b3 Qc6 21.
d5 Qc5 22. g4 Rh6 23. Qxh6 Qxc3+ 24. Ke2 Qb2+ 25. Qd2 Qxd2+ 26. Kxd2 1-0